Normal view
MARC view
- Roberts, Frederick Sleigh Roberts
Entry Personal Name
001 - CONTROL NUMBER
- control field: 49518
003 - CONTROL NUMBER IDENTIFIER
- control field: NUST
005 - DATE AND TIME OF LATEST TRANSACTION
- control field: 20210314134345.0
008 - FIXED-LENGTH DATA ELEMENTS
- fixed length control field: 210314|| aca||aabn | a|a d
040 ## - CATALOGING SOURCE
- Original cataloging agency: NUST
- Transcribing agency: NUST
100 ## - HEADING--PERSONAL NAME
- Personal name: Roberts, Frederick Sleigh Roberts
670 ## - SOURCE DATA FOUND
- Source citation: Work cat.: (NUST): Henderson, G. F. R. 46591, The science of war;, 1905.
